Autobus linia 966 - ZTM Katowice - Statystyki

Ogólne statystyki
  • Ten quiz został rozwiązany 14 razy
  • Średni wynik to 6 z 8
Statystyki odpowiedzi
Hint Odpowiedź % Poprawnych
Przystanek Imielin rynek
100%
Przystanek Imielin Autostrada
89%
Przystanek Dziećkowice Jazd
78%
Przystanek Golcówka Poniatowskiego
78%
Przystanek Golcówka ZPW
78%
Przystanek Imielin Maratońska
78%
Przystanek Imielin Wandy
78%
Przystanek Dziećkowice Długosza
67%
Nie znaleziono quizów pasujących do podanych kryteriów
Rozkład punktacji
Procent ludzi z każdym wynikiem
Percentyl według liczby udzielonych odpowiedzi
Twoja historia wyników
Nie rozwiązałeś tego quizu